Find a Country Flag in the Picture #1 - Statistics

General Stats
  • This quiz has been taken 2,151 times
  • The average score is 15 of 18
Answer Stats
Picture Answer % Correct
Germany
98%
Canada
97%
North Korea
94%
Uruguay
94%
Serbia
92%
Kenya
91%
Thailand
91%
Brazil
89%
Pakistan
83%
Somalia
81%
Morocco
80%
Italy
79%
Peru
75%
Samoa
74%
Australia
73%
Austria
71%
Malaysia
71%
Libya
70%
No matching quizzes found
Score Distribution
Percent of People with Each Score
Percentile by Number Answered
Your Score History
You have not taken this quiz